Star Wars Films - Statistics

General Stats
  • This quiz has been taken 38 times
    12 since last reset
  • The average score is 15 of 33
Answer Stats
Hint Answer % Correct
1977 A New Hope
92%
2005 Revenge of The Sith
83%
1980 The Empire Strikes Back
83%
2015 The Force Awakens
83%
2017 The Last Jedi
83%
2019 The Rise of Skywalker
83%
2002 Attack of The Clones
75%
1983 Return of The Jedi
75%
1999 The Phantom Menace
75%
2016 Rogue One: A Star Wars Story
67%
2018 Solo: A Star Wars Story
67%
2003 Star Wars: Clone Wars
67%
2019 The Mandalorian
67%
2022 Andor
58%
2022 Obi-Wan Kenobi
50%
2023 Ahsoka
42%
2014 Star Wars: Rebels
42%
2018 Star Wars: Resistance
33%
2024 Skeleton Crew
25%
2008 Star Wars: The Clone Wars (Show)
25%
2022 Tales of the Jedi
25%
2024 The Acolyte
25%
2021 The Bad Batch
25%
2021 The Book of Boba Fett
25%
1978 The Star Wars Holiday Special
25%
1985 Star Wars: Droids
17%
1985 Star Wars: Ewoks
17%
2008 Star Wars: The Clone Wars (Movie)
17%
1984 Caravan of Courage: An Ewok Adventure
8%
1985 Ewoks: The Battle for Endor
8%
2021 Star Wars: Visions
8%
2024 Tales of the Empire
8%
2023 Young Jedi Adventures
0%
No matching quizzes found
Score Distribution
Percent of People with Each Score
Percentile by Number Answered
Your Score History
You have not taken this quiz since the last reset